Представление документа в формате MARC21

Поле Инд. ПП Название Значение
Тип записи a
Библиографический уровень b
001 Контрольный номер RU/IS/BASE/265376985
005 Дата корректировки 20201229082253.2
008 Кодируемые данные 20080529
040 b Код языка каталог. rus
e Правила каталог. PSBO
041 0_ a Код языка текста rus
084 a Индекс другой классификации/Индекс ББК 88.9; 60.955; 60.991.3
100 1_ a Автор Стрелкова Т. С.
q Полное имя Стрелкова Татьяна Сергеевна
245 10 a Заглавие Опыт реабилитационного центра "Исток" Егорьевского района
650 04 a Основная рубрика практическая психология (прикладная психология)
a Основная рубрика психология
a Основная рубрика социальная работа
653 1_ a Ключевые слова "Исток" (реабилитационный центр)
a Ключевые слова диагностическая работа
a Ключевые слова Егорьевский район
a Ключевые слова коррекционно-реабилитационная работа
a Ключевые слова Московская область
a Ключевые слова педагогическая реабилитация
a Ключевые слова подростки
a Ключевые слова просветительская работа
a Ключевые слова психологическая реабилитация
a Ключевые слова психолого-педагогическая реабилитация
a Ключевые слова психосоциальные технологии
a Ключевые слова реабилитационные центры
a Ключевые слова Россия
a Ключевые слова социальная реабилитация
a Ключевые слова социально-культурная реабилитация
a Ключевые слова социально-оздоровительная реабилитация
a Ключевые слова физкультурно-оздоровительная работа
773 0_ t Заглавие источника Вестник психосоциальной и коррекционно-реабилитационной работы
d Дата издания источника 2008
g Прочая информация № 1. - С. 70 - 72
w Контрольный № источника RU/IS/BASE/261237321
901 t Тип документа b